<?xml version="1.0" encoding="UTF-8"?>
<record
    xmlns:xsi="http://www.w3.org/2001/XMLSchema-instance"
    xsi:schemaLocation="http://www.loc.gov/MARC21/slim http://www.loc.gov/standards/marcxml/schema/MARC21slim.xsd"
    xmlns="http://www.loc.gov/MARC21/slim">

  <leader>01356nam a2200301uu 4500</leader>
  <controlfield tag="001">1489141</controlfield>
  <controlfield tag="005">20260508092246.0</controlfield>
  <controlfield tag="008">180320s2010       ||||||m|         spa  </controlfield>
  <datafield tag="035" ind1=" " ind2=" ">
    <subfield code="a">1489141</subfield>
  </datafield>
  <datafield tag="040" ind1=" " ind2=" ">
    <subfield code="c">comduadb</subfield>
  </datafield>
  <datafield tag="041" ind1=" " ind2=" ">
    <subfield code="a">spa</subfield>
  </datafield>
  <datafield tag="080" ind1=" " ind2=" ">
    <subfield code="a">WJ</subfield>
  </datafield>
  <datafield tag="100" ind1="1" ind2="0">
    <subfield code="a">Higuita, Maira Alejandra</subfield>
    <subfield code="4">aut</subfield>
    <subfield code="e">aut</subfield>
    <subfield code="9">766105</subfield>
  </datafield>
  <datafield tag="245" ind1="1" ind2="0">
    <subfield code="a">Manual de t&#xE9;cnicas quir&#xFA;rgicas de urolog&#xED;a para instrumentadores quir&#xFA;rgicos</subfield>
  </datafield>
  <datafield tag="260" ind1=" " ind2=" ">
    <subfield code="a">Turbo :</subfield>
    <subfield code="b">Autores (as),</subfield>
    <subfield code="c">2010.</subfield>
  </datafield>
  <datafield tag="300" ind1=" " ind2=" ">
    <subfield code="a">118 p&#xE1;ginas</subfield>
  </datafield>
  <datafield tag="505" ind1=" " ind2=" ">
    <subfield code="a">CONTENIDO: Introducci&#xF3;n. -- Historia de la urolog&#xED;a. -- Anatom&#xED;a del sistema genitourinario masculino: &#xD3;rganos externos. &#xD3;rganos internos. Irrigaci&#xF3;n e inervaci&#xF3;n del sistema genitourinario masculino. -- T&#xE9;cnicas quir&#xFA;rgicas: Vasectom&#xED;a. Hidrocelectom&#xED;a. Varicocelectom&#xED;a. Orquidopexia. Orquidectom&#xED;a. Circuncisi&#xF3;n. Prostatectom&#xED;a. Priapismo. Penectom&#xED;a parcial. Espermatocele. -- Bibliograf&#xED;a. -- Anexos.</subfield>
  </datafield>
  <datafield tag="650" ind1=" " ind2=" ">
    <subfield code="a">Cirug&#xED;a urol&#xF3;gica</subfield>
    <subfield code="9">18491</subfield>
  </datafield>
  <datafield tag="650" ind1=" " ind2=" ">
    <subfield code="a">Instrumentador quir&#xFA;rgico</subfield>
    <subfield code="9">166731</subfield>
  </datafield>
  <datafield tag="650" ind1=" " ind2=" ">
    <subfield code="a">T&#xE9;cnicas quir&#xFA;rgicas</subfield>
    <subfield code="9">69832</subfield>
  </datafield>
  <datafield tag="650" ind1=" " ind2=" ">
    <subfield code="a">Sistema urogenital masculino</subfield>
    <subfield code="9">224806</subfield>
  </datafield>
  <datafield tag="700" ind1="1" ind2="0">
    <subfield code="a">Mar&#xED;n Gonz&#xE1;lez, Yuliana</subfield>
    <subfield code="4">aut</subfield>
    <subfield code="e">aut</subfield>
    <subfield code="9">767697</subfield>
  </datafield>
  <datafield tag="700" ind1="1" ind2="0">
    <subfield code="a">Cardona Solis, Luz Marina</subfield>
    <subfield code="4">ths</subfield>
    <subfield code="e">ths</subfield>
    <subfield code="9">512644</subfield>
  </datafield>
  <datafield tag="700" ind1="1" ind2="0">
    <subfield code="a">Rocha Tapias, Yina Mar&#xED;a</subfield>
    <subfield code="4">ths</subfield>
    <subfield code="e">ths</subfield>
    <subfield code="9">767598</subfield>
  </datafield>
  <datafield tag="942" ind1=" " ind2=" ">
    <subfield code="c">TESIS</subfield>
  </datafield>
  <datafield tag="999" ind1=" " ind2=" ">
    <subfield code="c">771125</subfield>
    <subfield code="d">771125</subfield>
  </datafield>
  <datafield tag="502" ind1=" " ind2=" ">
    <subfield code="b">214</subfield>
    <subfield code="c">18</subfield>
  </datafield>
  <datafield tag="526" ind1=" " ind2=" ">
    <subfield code="a">216</subfield>
  </datafield>
  <datafield tag="952" ind1=" " ind2=" ">
    <subfield code="0">0</subfield>
    <subfield code="1">0</subfield>
    <subfield code="4">0</subfield>
    <subfield code="7">0</subfield>
    <subfield code="8">HIS. MEDIC</subfield>
    <subfield code="a">BM</subfield>
    <subfield code="b">BM</subfield>
    <subfield code="d">2018-03-20</subfield>
    <subfield code="e">Material adquirido por donaci&#xF3;n</subfield>
    <subfield code="i">C1280504</subfield>
    <subfield code="l">0</subfield>
    <subfield code="o">WJ168 H5-10</subfield>
    <subfield code="p">61000000142071</subfield>
    <subfield code="r">2023-05-04 00:00:00</subfield>
    <subfield code="t">1</subfield>
    <subfield code="w">2023-05-04</subfield>
    <subfield code="y">TESISI</subfield>
  </datafield>
</record>
